|
|
|
|
| LEADER |
00000nam2a2200000 4500 |
| 001 |
253660 |
| 005 |
20231031214537.0 |
| 010 |
|
|
|a 5020139793
|
| 035 |
|
|
|a (RuTPU)RU\TPU\book\276062
|
| 035 |
|
|
|a RU\TPU\book\217813
|
| 090 |
|
|
|a 253660
|
| 100 |
|
|
|a 20140314d1989 k y0rusy50 ca
|
| 101 |
0 |
|
|a rus
|
| 102 |
|
|
|a RU
|
| 105 |
|
|
|a y z 001zy
|
| 200 |
0 |
|
|a Вып. 2
|f под ред. С. В. Яблонского
|
| 210 |
|
|
|d 1989
|
| 215 |
|
|
|a 240 с.
|
| 320 |
|
|
|a Библиогр. в конце ст.
|
| 461 |
|
1 |
|0 (RuTPU)RU\TPU\book\70650
|t Математические вопросы кибернетики
|o сборник статей
|f Российская академия наук (РАН), Отделение математики ; под ред. Н. А. Карповой
|v Вып. 2
|d 1988-
|
| 606 |
1 |
|
|a Кибернетика
|x Математические основы
|2 stltpush
|3 (RuTPU)RU\TPU\subj\14304
|
| 610 |
1 |
|
|a математические вопросы
|
| 610 |
1 |
|
|a математическая кибернетика
|
| 610 |
1 |
|
|a дискретная математика
|
| 675 |
|
|
|a 681.5:51
|v 3
|
| 702 |
|
1 |
|a Яблонский
|b С. В.
|4 340
|
| 801 |
|
1 |
|a RU
|b 63413507
|c 20110824
|
| 801 |
|
2 |
|a RU
|b 63413507
|c 20140416
|g RCR
|
| 942 |
|
|
|c BK
|